00753nam a2200217 a 450000100080000000500110000800800410001910000150006024500820007526000370015730000090019452002010020365300200040465300090042465300090043370000180044270000230046070000170048370000170050070000180051711205562014-04-11 2012 bl uuuu u0uu1 u #d1 aWERNER, H. aO desafio da conserva????o do solo na cultura do fumo.h[electronic resource] aFlorian??polis, SC: Epagric2012 a6 p. aO folder trata da sistematiza????o da experi??ncia de PEAP sobre o cultivo m??nimo de fumo realizada com t??cnicos, pesquisadores e agricultores da comunidade de Rio das Pedras, em Ituporanga, SC. aCultivo M??nimo aFumo aPEAP1 aSGROTT, E. Z.1 aPINHEIRO, S. L. G.1 aBENEZ, M. C.1 aSIMON, A. A.1 aG??MEZ, C. U.